00452nam a2200157Ia 4500003000900000008004100009020001800050040001600068080001600084100001800100245008700118260003300205300001600238650001400254650002600268IN-BaIIA211028s9999 xx 000 0 eng d a0-08-016747-0 cIIA Library a531.19bPAT aPathria, R. K 0aStatistical mechanicscR. K Pathria  aOxfordbPergamon Pressc1972 axiii, 527p. aMechanics aStatistical mechanics